Výskum románskeho kostola v Rákoši

Podrobná bibliografia
Hlavný autor: Fűryová, Klára, 1950- (Autor)
Médium: Článok
Jazyk:slovenčina
Fyzický popis:Res. nem.
Predmet:

MARC

LEADER 00000nab a2200000 a 4500
001 vtls000487641
003 SK-MaSNL
005 20260304080819.0
008 250424c1992 xo 0 slo
015 |a SNBRA19rr/mm-uuuuu 
035 |a CL0487778 
035 |a urn:nbn:sk:snk-abc0a 
035 |a (urnnbn)urn:nbn:sk:snk:ar-a04cwx 
035 |a (uuid)ee7c45ba-d598-4f13-a8e6-8a9bacc8df05 
040 |a SNKBUCL  |b slo  |c SNKBUCL  |e AACR2 
041 0 |a slo 
044 |a xo  |c SK 
080 |a 904"12":726.54"12":902  |2 1981 
080 |a 726.54"12"  |2 1981 
080 |a 902  |2 1981 
100 1 |a Fűryová, Klára,  |d 1950-  |4 aut  |9 9084 
245 1 0 |a Výskum románskeho kostola v Rákoši  |c Klára Füryová 
300 |b Res. nem. 
650 0 7 |a kostoly románske  |2 snkbucl  |9 901286 
651 7 |a Rákoš (Revúca, Slovensko)  |2 snkbucl  |9 175027 
655 7 |a články zo zborníkov  |2 snkbucl  |9 166140 
773 0 |t Archeologické výskumy a nálezy na Slovensku v roku 1990  |d Nitra : AÚ SAV v Nitre, 1992  |g S. 35-36 
850 |a Slovenská národná knižnica 
852 |a Slovenská národná knižnica 
954 |a odborná, vedecká literatúra pôvodná (slovenská)  |2 lita 
957 |a 5408 
958 |a article27 
958 |a RK 
958 |a OND 
958 |a EUIPO 
992 |a RZB 
999 |c 2788237  |d 2790167